| 000 | 00663nam a2200229 u 4500 | ||
|---|---|---|---|
| 005 | 20220622063445.0 | ||
| 008 | 170201s1985 r 000 0 eng d | ||
| 020 | _a9682202264 | ||
| 035 | _aUPN01000215729 | ||
| 049 | _aCG | ||
| 050 | 4 |
_aPQ7797 S2.14 _bT8c |
|
| 100 | 1 |
_aSábato, Ernesto, _d1911-2011 _928029 |
|
| 245 | 1 | 3 |
_aEl túnel / _cErnesto Sabato. |
| 260 |
_aMéxico : _bOrigen : _bPlaneta, _cc1985. |
||
| 300 | _a137 p. | ||
| 440 | 0 |
_aLiteratura contemporánea seix barral ; _v36 |
|
| 650 | 0 |
_aNovela argentina _95078 |
|
| 650 | 4 |
_aASESINATO EN LA LITERATURA _92194 |
|
| 650 | 4 |
_aLITERATURA ARGENTINA _95070 |
|
| 905 | _aLibro | ||
| 999 |
_c187829 _d187829 |
||